Beginning linux programming / (Record no. 190561)
[ view plain ]
| 000 -LEADER | |
|---|---|
| fixed length control field | 00791nam a2200253Ia 4500 |
| 003 - CONTROL NUMBER IDENTIFIER | |
| control field | OSt |
| 005 - DATE AND TIME OF LATEST TRANSACTION | |
| control field | 20230901102240.0 |
| 008 - FIXED-LENGTH DATA ELEMENTS--GENERAL INFORMATION | |
| fixed length control field | 210716s2010 xx 000 0 und d |
| 020 ## - INTERNATIONAL STANDARD BOOK NUMBER | |
| International Standard Book Number | 9788126515714 |
| 040 ## - CATALOGING SOURCE | |
| Transcribing agency | AIMIT LIBRARY |
| 041 ## - LANGUAGE CODE | |
| Language code of text/sound track or separate title | eng |
| 082 ## - DEWEY DECIMAL CLASSIFICATION NUMBER | |
| Classification number | 005.44 |
| Edition number | 4 |
| Item number | MATN |
| 100 ## - MAIN ENTRY--PERSONAL NAME | |
| Personal name | Matthew, Neil. |
| 9 (RLIN) | 131912 |
| 245 ## - TITLE STATEMENT | |
| Title | Beginning linux programming / |
| Statement of responsibility, etc. | by Neil Mathew and Richard Stones. |
| 250 ## - EDITION STATEMENT | |
| Edition statement | 4th ed. |
| 260 ## - PUBLICATION, DISTRIBUTION, ETC. | |
| Place of publication, distribution, etc. | New Delhi : |
| Name of publisher, distributor, etc. | Wiley India Pvt Ltd , |
| Date of publication, distribution, etc. | 2010. |
| 300 ## - PHYSICAL DESCRIPTION | |
| Extent | xxx,780 p.; |
| Other physical details | PB |
| Dimensions | 24.5 cm. |
| 650 ## - SUBJECT ADDED ENTRY--TOPICAL TERM | |
| Topical term or geographic name entry element | Shell programming |
| 9 (RLIN) | 131913 |
| 650 ## - SUBJECT ADDED ENTRY--TOPICAL TERM | |
| Topical term or geographic name entry element | Data management |
| 9 (RLIN) | 131914 |
| 650 ## - SUBJECT ADDED ENTRY--TOPICAL TERM | |
| Topical term or geographic name entry element | Semaphores shared memory and message queues |
| 9 (RLIN) | 131915 |
| 650 ## - SUBJECT ADDED ENTRY--TOPICAL TERM | |
| Topical term or geographic name entry element | Standards for linux |
| 9 (RLIN) | 131916 |
| 700 ## - ADDED ENTRY--PERSONAL NAME | |
| Personal name | Stones, Richard. |
| 9 (RLIN) | 131917 |
| 942 ## - ADDED ENTRY ELEMENTS (KOHA) | |
| Source of classification or shelving scheme | Dewey Decimal Classification |
| Koha item type | Book |
| Edition | 4th |
| Call number prefix | 005.44 MATN |
| Withdrawn status | Lost status | Source of classification or shelving scheme | Damaged status | Not for loan | Collection code | Home library | Current library | Source of acquisition | Cost, normal purchase price | Inventory number | Total Checkouts | Full call number | Barcode | Date last seen | Date last checked out | Cost, replacement price | Price effective from | Koha item type |
|---|---|---|---|---|---|---|---|---|---|---|---|---|---|---|---|---|---|---|
| Dewey Decimal Classification | MCA | St Aloysius Institute of Management & Information Technology | St Aloysius Institute of Management & Information Technology | Knowledge World | 549.00 | Bill no:703; Bill dt:2010-07-29 | 1 | 005.44 MATN | MCA10069 | 05/23/2026 | 12/19/2022 | 411.75 | 07/16/2021 | Book |